Stones from the River / (Record no. 3349)
[ view plain ]
| 000 -LEADER | |
|---|---|
| fixed length control field | 00792nam a22002417a 4500 |
| 001 - CONTROL NUMBER | |
| control field | 3349 |
| 003 - CONTROL NUMBER IDENTIFIER | |
| control field | FISKH |
| 005 - DATE AND TIME OF LATEST TRANSACTION | |
| control field | 20240229152146.0 |
| 008 - FIXED-LENGTH DATA ELEMENTS--GENERAL INFORMATION | |
| fixed length control field | 240229b cb ||||| |||| 00| 0 eng d |
| 040 ## - CATALOGING SOURCE | |
| Original cataloging agency | FISK |
| Language of cataloging | eng |
| Transcribing agency | FISK |
| Modifying agency | FISK |
| 050 ## - LIBRARY OF CONGRESS CALL NUMBER | |
| Classification number | PS3558.E4185 |
| 082 ## - DEWEY DECIMAL CLASSIFICATION NUMBER | |
| Classification number | 823 |
| 100 ## - MAIN ENTRY--PERSONAL NAME | |
| Personal name | Hegi Ursula : |
| Dates associated with a name | 1946- |
| 245 ## - TITLE STATEMENT | |
| Title | Stones from the River / |
| 260 ## - PUBLICATION, DISTRIBUTION, ETC. | |
| Place of publication, distribution, etc. | New York : |
| Name of publisher, distributor, etc. | Simon & Schuster |
| Date of publication, distribution, etc. | 1994 |
| 300 ## - PHYSICAL DESCRIPTION | |
| Extent | 525 pages : |
| Dimensions | 21 cm |
| 501 ## - WITH NOTE | |
| With note | Z |
| 520 ## - SUMMARY, ETC. | |
| Summary, etc. | A dwarf becomes the librarian of a small German town. The work makes her privy to many of the town's secrets and she uses them to set people against each other. It's her way of paying them back for the taunts and humiliations. |
| 521 8# - TARGET AUDIENCE NOTE | |
| Target audience note | 1140 |
| Source | Z |
| 700 ## - ADDED ENTRY--PERSONAL NAME | |
| Personal name | Ursula Hegi |
| 942 ## - ADDED ENTRY ELEMENTS (KOHA) | |
| Source of classification or shelving scheme | Dewey Decimal Classification |
| Koha item type | Books |
| Suppress in OPAC | No |
| Withdrawn status | Lost status | Source of classification or shelving scheme | Damaged status | Not for loan | Collection | Home library | Current library | Shelving location | Date acquired | Total Checkouts | Full call number | Barcode | Date last seen | Copy number | Price effective from | Koha item type |
|---|---|---|---|---|---|---|---|---|---|---|---|---|---|---|---|---|
| Dewey Decimal Classification | Fiction | Footprints International School Library Network Toul Kork Campus | Footprints International School Library Network Toul Kork Campus | TTP Secondary Fiction Bookshelves | 02/29/2024 | HEG PS3558.E4185 823 | 2024-0141 | 02/29/2024 | 1 | 02/29/2024 | Books |
